000 01111cam a22002651i 4500
003 SA-RiAUC
005 20250616065205.0
008 250616s2002 su f f00000 ara c
040 _aSD-KhNU
_bara
_cSA-RiAUC
_erda
043 _aa-su---
082 0 4 _a342.53106
090 _a342.53106
_b ش ف ي
100 1 _aشفيق، علي
_eمؤلف.
245 1 2 _aالرقابة القضائية على أعمال الإدارة في المملكة العربية السعودية ودراسة تحليلة مقارنة /
_cعلي شفيق.
264 1 _aالرياض :
_bمعهد الإدارة العامة،
_c2002
300 _a349 صفحة ؛
_c24 سم
336 _aنص
_btxt
_2rdacontent
_3كتاب
337 _aبدون وسيط
_bn
_2rdamedia
338 _aمجلد
_bnc
_2rdacarrier
650 7 _aالرقابة القضائية
_zالسعودية
_2aucsh
650 7 _aالرقابة الإدارية
_xقوانين وتشريعات
_zالسعودية
_2aucsh
650 7 _aالقضاء الإداري
_zالسعودية
_2aucsh
942 _2ddc
_cBOOK
_n0
949 _aSA-JeALM
_d250616
_umohamedma123
_n1
999 _c9013
_d9013